| 000 | 01399cam a22004337a 4500 | ||
|---|---|---|---|
| 001 | 000004255 | ||
| 003 | CHAP | ||
| 005 | 20220329133258.0 | ||
| 008 | 971013s1990 r 00010 d | ||
| 010 | _a4206 | ||
| 011 | _a5178 | ||
| 020 | _a9688841323 | ||
| 040 | _cCHAP | ||
| 082 | 0 | 4 |
_a633.18 _bC35 |
| 100 | 0 | 0 |
_aCalixto Cruz, Neftalí _917516 |
| 245 | 1 | 0 |
_aEl arroz su cultivo en México / _cNeftalí Calixto Cruz. |
| 260 |
_aChapingo, Méx. : _bUACH, _c1990. |
||
| 300 |
_a147 p. : _bil. |
||
| 590 |
_aBATCH-UPD _b10 _c20130109 _lUCH01 _h2311 |
||
| 590 |
_aBATCH-UPD _b10 _c20130110 _lUCH01 _h0232 |
||
| 590 |
_aBATCH-UPD _b10 _c20130110 _lUCH01 _h1126 |
||
| 590 |
_aBATCH-UPD _b10 _c20130409 _lUCH01 _h1829 |
||
| 590 |
_aBATCH-UPD _b10 _c20130409 _lUCH01 _h2255 |
||
| 590 |
_aBATCH-UPD _b10 _c20130410 _lUCH01 _h1542 |
||
| 590 |
_aBATCH-UPD _b10 _c20130914 _lUCH01 _h0403 |
||
| 590 |
_aBATCH-UPD _b10 _c20130914 _lUCH01 _h2002 |
||
| 590 |
_aCONVERSION _b10 _c20130109 _lUCH01 _h1303 |
||
| 590 |
_aE11695DGD _b10 _c20160726 _lUCH01 _h1205 |
||
| 590 |
_aE11695DGD _b10 _c20160726 _lUCH01 _h1205 |
||
| 590 |
_aE11695DGD _b10 _c20160726 _lUCH01 _h1355 |
||
| 590 |
_aE5995AHE _b05 _c20150325 _lUCH01 _h1139 |
||
| 650 | 1 | 4 |
_aArroz _xEnfermedades. _97600 |
| 650 | 1 | 4 |
_aArroz _xMalas hierbas. _97629 |
| 650 | 1 | 4 |
_aArroz _xMéxico. _97635 |
| 650 | 1 | 4 |
_aArroz _xPlagas. _97643 |
| 901 | _aBK | ||
| 942 | _cLIBRO | ||
| 942 | _n0 | ||
| 999 |
_c4206 _d4206 |
||